Every Song by Bad Suns - Statistics

General Stats
  • This quiz has been taken 6 times
  • The average score is 29 of 58
Answer Stats
Album Song % Correct
Language & Perspective(2014) Cardiac Arrest
100%
Apocalypse Whenever(2022) Apocalypse Whenever
83%
Disappear Here(2016) Disappear Here
83%
Language & Perspective(2014) Transpose
83%
Infinite Joy(2023) Astral Plans
67%
Apocalypse Whenever(2022) Baby Blue Shades
67%
Disappear Here(2016) Daft Pretty Boys
67%
Infinite Joy(2023) Everything Is...
67%
Apocalypse Whenever(2022) Heaven Is a Place in My Head
67%
Apocalypse Whenever(2022) Life Was Easier When I Only Cared About Me
67%
Disappear Here(2016) Maybe We're Meant to Be Alone
67%
Apocalypse Whenever(Bonus)(2022) Maybe You Saved Me
67%
Apocalypse Whenever(2022) Peachy
67%
Language & Perspective(2014) Pretend
67%
Language & Perspective(2014) Salt
67%
Apocalypse Whenever(2022) Summer Lightning
67%
Disappear Here(2016) Swimming in the Moonlight
67%
Language & Perspective(2014) Take My Love and Run
67%
Infinite Joy(2023) The One I Used to Love
67%
Non-Album(2017) This Was a Home Once
67%
Disappear Here(2016) Violet
67%
Mystic Truth(2019) A Miracle, a Mile Away
50%
Mystic Truth(2019) Away We Go
50%
Language & Perspective(2014) Dancing on Quicksand
50%
Mystic Truth(2019) Darkness Arrives (and Departs)
50%
Apocalypse Whenever(2022) Electric Circus
50%
Apocalypse Whenever(2022) Grace (I Think I'm in Love Again)
50%
Disappear Here(2016) Heartbreaker
50%
Disappear Here(2016) How Am I Not Myself
50%
Language & Perspective(2014) Matthew James
50%
Disappear Here(2016) Outskirts of Paradise
50%
Mystic Truth(2019) The World and I
50%
Language & Perspective(2014) We Move Like the Ocean
50%
Apocalypse Whenever(2022) Wishing Fountains
50%
Disappear Here(2016) Defeated
33%
Disappear Here(2016) Even in My Dreams, I Can't Win
33%
Mystic Truth(2019) Hold Your Fire
33%
Mystic Truth(2019) Howling at the Sun
33%
Non-Album(2020) I'm Not Having Any Fun
33%
Infinite Joy(2023) Just to Feel Your Touch
33%
Infinite Joy(2023) Living or Dying
33%
Mystic Truth(2019) Love by Mistake
33%
Infinite Joy(2023) Lunar Shadows
33%
Apocalypse Whenever(2022) Nightclub (Waiting for You)
33%
Mystic Truth(2019) One Magic Moment
33%
Disappear Here(2016) Patience
33%
Language & Perspective(2014) Rearview
33%
Mystic Truth(2019) Separate Seas
33%
Apocalypse Whenever(2022) Silently Screaming
33%
Language & Perspective(2014) Sleep Paralysis
33%
Mystic Truth(2019) Starjumper
33%
Apocalypse Whenever(2022) Symphony of Lights
33%
Non-Album(2020) Unstable
33%
Apocalypse Whenever(2022) When the World Was Mine
33%
Transpose(2014) Twenty Years
17%
Language & Perspective(2014) Learn to Trust
17%
Disappear Here(2016) Love Like Revenge
17%
Disappear Here(2016) Off She Goes
17%
No matching quizzes found
Score Distribution
Percent of People with Each Score
Percentile by Number Answered
Your Score History
You have not taken this quiz